| 000 | 01158nam a22002777a 4500 | ||
|---|---|---|---|
| 005 | 20240530110336.0 | ||
| 008 | 140915s2009 ua gr 000 0 ara d | ||
| 017 |
_a2009/5089 _bمصر . دار الكتب المصرية |
||
| 020 | _a9773285588 | ||
| 040 | _aEG-CaGPL | ||
| 082 | 0 | 4 |
_221 _a291\ _bأ أ |
| 100 | 0 |
_aاسامة السيد عبدالسميع _eمؤلف |
|
| 245 | 1 | 2 |
_aالامن الاجتماعى فى الاسلام : _bزمقارنته بما ورد فى اليهودية والمسيحية / _cاسامة السيد عبدالسميع |
| 260 |
_aالاسكندرية : _bدار الجامعة الجديدة ، _c2009 |
||
| 300 |
_a256 ص ؛ _c24 سم |
||
| 650 | 0 | 4 |
_aالامن الاجتماعى _xالاسلام |
| 650 | 0 | 4 |
_aالامن الاجتماعى _x المسيحية |
| 650 | 0 | 4 |
_aالامن الاجتماعى _xاليهودية |
| 650 | 0 | 4 |
_aالفقراء _xالمسيحية |
| 650 | 0 | 4 |
_aالفقراء _xاليهودية |
| 650 | 0 | 4 |
_aالعفو _xالاسلام |
| 650 | 0 | 4 | _aالامن الغذائى |
| 650 | 0 | 4 | _aالدين المقارن |
| 942 |
_2ddc _cBK |
||
| 999 |
_c59785 _d59785 |
||